00331nam a2200133Ia 4500003000500000008004100005040001900046082000700065100001700072245004900089260004000138300000700178546001200185STCL181203s9999 xx 000 0 und d aSTCLbENcSTCL 222 aBenedict XVI 0aSpe Salvi - Saved by Hope: Encyclical Letter bCarmel PublishingaTrivandrumc2012 a80 aEnglish